[Event "European Women's Championship"]
[Site "Vysoke Tatry"]
[Date "2018.04.09"]
[Round "2"]
[White "Mrvova, Alena"]
[Black "Chan, Naruna"]
[Result "1-0"]
[Board "71"]
[WhiteElo "2179"]
[WhiteTitle "WIM"]
[WhiteCountry "SVK"]
[WhiteFideId "14902036"]
[WhiteEloChange "3"]
[BlackElo "1909"]
[BlackCountry "RUS"]
[BlackFideId "24124290"]
[BlackEloChange "-3"]

1. e4 {[%clk 1:30:45]} c5 {[%clk 1:30:49]} 2. Nc3 {[%clk 1:30:14]} Nc6 {[%clk
1:26:49]} 3. Nge2 {[%clk 1:29:16]} d6 {[%clk 1:18:02]} 4. d4 {[%clk 1:27:53]}
cxd4 {[%clk 1:18:13]} 5. Nxd4 {[%clk 1:28:19]} e5 {[%clk 1:18:04]} 6. Ndb5 {[%clk
1:27:21]} a6 {[%clk 1:17:34]} 7. Na3 {[%clk 1:27:47]} Be7 {[%clk 1:17:19]} 8. Nc4
{[%clk 1:24:18]} b5 {[%clk 1:17:16]} 9. Ne3 {[%clk 1:24:41]} Nf6 {[%clk 1:16:34]}
10. Ned5 {[%clk 1:20:52]} Nxd5 {[%clk 1:07:45]} 11. Nxd5 {[%clk 1:20:28]} O-O
{[%clk 1:07:29]} 12. Ne3 {[%clk 1:20:12]} Be6 {[%clk 1:05:25]} 13. c3 {[%clk
1:18:29]} Kh8 {[%clk 1:02:23]} 14. Be2 {[%clk 0:58:32]} Rb8 {[%clk 0:42:46]} 15.
O-O {[%clk 0:57:41]} Bg5 {[%clk 0:34:57]} 16. a4 {[%clk 0:54:39]} Qb6 {[%clk
0:19:45]} 17. axb5 {[%clk 0:46:32]} axb5 {[%clk 0:20:00]} 18. Nd5 {[%clk
0:42:23]} Bxd5 {[%clk 0:13:55]} 19. Bxg5 {[%clk 0:42:01]} Bxe4 {[%clk 0:13:47]}
20. Be3 {[%clk 0:40:45]} Qc7 {[%clk 0:13:37]} 21. f3 {[%clk 0:40:00]} Bf5 {[%clk
0:13:55]} 22. f4 {[%clk 0:34:05]} Be4 {[%clk 0:12:19]} 23. fxe5 {[%clk 0:33:38]}
dxe5 {[%clk 0:12:05]} 24. Qe1 {[%clk 0:31:27]} f5 {[%clk 0:12:18]} 25. Bc5 {[%clk
0:31:51]} Rf6 {[%clk 0:12:25]} 26. b4 {[%clk 0:31:09]} h6 {[%clk 0:06:45]} 27.
Rf2 {[%clk 0:30:25]} Kh7 {[%clk 0:04:42]} 28. Bh5 {[%clk 0:25:39]} Nd8 {[%clk
0:03:30]} 29. Ra7 {[%clk 0:24:53]} Rb7 {[%clk 0:03:59]} 30. Rfa2 {[%clk 0:23:34]}
Nc6 {[%clk 0:02:24]} 31. R7a6 {[%clk 0:18:59]} Qc8 {[%clk 0:00:38]} 32. Qf1
{[%clk 0:15:22]} Re6 {[%clk 0:00:58]} 33. Ra8 {[%clk 0:11:56]} Qd7 {[%clk
0:01:03]} 34. Rf8 {[%clk 0:10:30]} g6 {[%clk 0:00:43]} 35. Be2 {[%clk 0:08:58]}
Re8 {[%clk 0:00:36]} 36. Rxe8 {[%clk 0:07:31]} Qxe8 {[%clk 0:01:05]} 37. Bxb5
{[%clk 0:07:48]} Qb8 {[%clk 0:00:49]} 38. Bc4 {[%clk 0:05:34]} Ne7 {[%clk
0:00:55]} 39. Qa1 {[%clk 0:03:42]} Nd5 {[%clk 0:00:58]} 40. Ra8 {[%clk 0:33:00]}
Qc7 {[%clk 0:31:27]} 41. Ba6 {[%clk 0:32:32]} Nf4 {[%clk 0:28:32]} 42. Bxb7
{[%clk 0:25:22]} Bxb7 {[%clk 0:28:49]} 43. Re8 {[%clk 0:25:45]} Qc6 {[%clk
0:27:47]} 44. Re7+ {[%clk 0:23:28]} Kh8 {[%clk 0:28:15]} 45. Qa2 {[%clk 0:14:56]}
Nh3+ {[%clk 0:04:03]} 46. Kh1 {[%clk 0:04:01]} Nf4 {[%clk 0:04:32]} 47. Rf7
{[%clk 0:01:40]} Qxg2+ {[%clk 0:02:22]} 48. Qxg2 {[%clk 0:02:06]} Bxg2+ {[%clk
0:02:47]} 49. Kg1 {[%clk 0:02:34]} Bc6 {[%clk 0:00:36]} 50. Rc7 {[%clk 0:01:23]}
Nh3+ {[%clk 0:00:37]} 51. Kf1 {[%clk 0:01:45]} Bb5+ {[%clk 0:01:05]} 52. Ke1
{[%clk 0:02:10]} Kg8 {[%clk 0:00:44]} 53. Rb7 {[%clk 0:02:03]} Bd3 {[%clk
0:00:45]} 54. b5 {[%clk 0:02:22]} f4 {[%clk 0:00:37]} 55. b6 {[%clk 0:02:46]} Ng5
{[%clk 0:00:36]} 56. Rb8+ {[%clk 0:02:51]} Kg7 {[%clk 0:01:04]} 57. b7 {[%clk
0:03:13]} Be4 {[%clk 0:00:34]} 58. Rg8+ {[%clk 0:03:35]} Kxg8 {[%clk 0:00:41]}
59. b8Q+ {[%clk 0:03:58]} Kf7 {[%clk 0:00:56]} 60. c4 {[%clk 0:03:39]} Ke6 {[%clk
0:00:34]} 61. Qf8 {[%clk 0:03:38]} Nf3+ {[%clk 0:00:42]} 62. Kf2 {[%clk 0:04:01]}
Nxh2 {[%clk 0:01:05]} 63. Qe8+ {[%clk 0:03:25]} Kf5 {[%clk 0:01:17]} 64. Qd7+
{[%clk 0:03:44]} Kf6 {[%clk 0:01:11]} 65. Be7+ {[%clk 0:04:10]} Kf7 {[%clk
0:01:11]} 66. Bg5+ {[%clk 0:04:34]} 1-0

[Event "European Women's Championship"]
[Site "Vysoke Tatry"]
[Date "2018.04.09"]
[Round "2"]
[White "Vidic, Teja"]
[Black "Serakova, Tatana"]
[Result "1-0"]
[Board "72"]
[WhiteElo "2176"]
[WhiteTitle "WFM"]
[WhiteCountry "SLO"]
[WhiteFideId "14605511"]
[WhiteEloChange "2"]
[BlackElo "1633"]
[BlackCountry "CZE"]
[BlackFideId "377856"]
[BlackEloChange "-2"]

1. e4 {[%clk 1:30:58]} c5 {[%clk 1:30:55]} 2. c3 {[%clk 1:30:50]} e6 {[%clk
1:31:04]} 3. d4 {[%clk 1:31:02]} cxd4 {[%clk 1:31:12]} 4. cxd4 {[%clk 1:31:14]}
Nf6 {[%clk 1:29:50]} 5. Bd3 {[%clk 1:28:56]} Nc6 {[%clk 1:28:33]} 6. e5 {[%clk
1:24:38]} Nd5 {[%clk 1:28:20]} 7. Nf3 {[%clk 1:24:27]} h6 {[%clk 1:24:20]} 8. O-O
{[%clk 1:23:22]} d6 {[%clk 1:22:52]} 9. Nc3 {[%clk 1:14:07]} dxe5 {[%clk
1:13:03]} 10. dxe5 {[%clk 1:14:26]} Be7 {[%clk 1:12:55]} 11. Qe2 {[%clk 1:13:16]}
O-O {[%clk 1:11:31]} 12. Rd1 {[%clk 1:10:27]} Nxc3 {[%clk 0:52:10]} 13. bxc3
{[%clk 1:10:47]} Qc7 {[%clk 0:52:11]} 14. Bf4 {[%clk 1:06:52]} f5 {[%clk
0:33:50]} 15. exf6 {[%clk 1:06:35]} Qxf4 {[%clk 0:34:03]} 16. fxe7 {[%clk
1:06:50]} Nxe7 {[%clk 0:34:11]} 17. Bc4 {[%clk 1:03:54]} Nd5 {[%clk 0:25:42]} 18.
Rac1 {[%clk 1:00:31]} Kh8 {[%clk 0:23:36]} 19. Ne5 {[%clk 0:50:32]} Qf6 {[%clk
0:09:49]} 20. Rd4 {[%clk 0:43:50]} Kg8 {[%clk 0:05:35]} 21. g3 {[%clk 0:36:28]}
b6 {[%clk 0:04:20]} 22. Rxd5 {[%clk 0:33:30]} exd5 {[%clk 0:02:03]} 23. Bxd5+
{[%clk 0:33:55]} Be6 {[%clk 0:02:22]} 24. Nd7 {[%clk 0:33:38]} Qg5 {[%clk
0:02:16]} 25. Qxe6+ {[%clk 0:32:28]} Kh8 {[%clk 0:02:02]} 26. f4 {[%clk 0:31:50]}
Rxf4 {[%clk 0:01:53]} 27. Bxa8 {[%clk 0:32:08]} Rf6 {[%clk 0:00:45]} 28. Qe8+
{[%clk 0:32:23]} Kh7 {[%clk 0:00:41]} 29. Nxf6+ {[%clk 0:32:34]} 1-0

[Event "European Women's Championship"]
[Site "Vysoke Tatry"]
[Date "2018.04.10"]
[Round "3"]
[White "Mammadzada, Gunay"]
[Black "Muzychuk, Mariya"]
[Result "1/2-1/2"]
[Board "1"]
[WhiteElo "2392"]
[WhiteTitle "IM"]
[WhiteCountry "AZE"]
[WhiteFideId "13403729"]
[WhiteEloChange "4"]
[BlackElo "2540"]
[BlackTitle "GM"]
[BlackCountry "UKR"]
[BlackFideId "14114550"]
[BlackEloChange "-2"]

1. e4 {[%clk 1:30:56]} c6 {[%clk 1:30:48]} 2. d4 {[%clk 1:31:16]} d5 {[%clk
1:31:14]} 3. Nc3 {[%clk 1:31:41]} dxe4 {[%clk 1:31:31]} 4. Nxe4 {[%clk 1:32:08]}
Bf5 {[%clk 1:31:51]} 5. Ng3 {[%clk 1:32:30]} Bg6 {[%clk 1:32:15]} 6. h4 {[%clk
1:32:36]} h6 {[%clk 1:32:31]} 7. Nf3 {[%clk 1:33:01]} e6 {[%clk 1:32:38]} 8. h5
{[%clk 1:16:49]} Bh7 {[%clk 1:32:54]} 9. Bd3 {[%clk 1:17:16]} Bxd3 {[%clk
1:32:50]} 10. Qxd3 {[%clk 1:17:45]} Nf6 {[%clk 1:29:42]} 11. Bd2 {[%clk 1:15:54]}
c5 {[%clk 1:26:22]} 12. Qb3 {[%clk 1:09:44]} Qb6 {[%clk 1:20:31]} 13. c4 {[%clk
0:57:07]} Qxb3 {[%clk 1:14:16]} 14. axb3 {[%clk 0:57:35]} Nc6 {[%clk 1:14:35]}
15. Bc3 {[%clk 0:56:30]} O-O-O {[%clk 1:07:23]} 16. Rd1 {[%clk 0:53:49]} cxd4
{[%clk 0:41:28]} 17. Nxd4 {[%clk 0:53:53]} Nxd4 {[%clk 0:38:59]} 18. Bxd4 {[%clk
0:51:49]} b6 {[%clk 0:37:42]} 19. Ke2 {[%clk 0:49:55]} Bd6 {[%clk 0:36:31]} 20.
Nf1 {[%clk 0:29:44]} Rd7 {[%clk 0:27:33]} 21. f3 {[%clk 0:27:24]} Rhd8 {[%clk
0:24:21]} 22. Bc3 {[%clk 0:27:22]} Bf8 {[%clk 0:20:49]} 23. Ne3 {[%clk 0:22:59]}
Rxd1 {[%clk 0:20:27]} 24. Nxd1 {[%clk 0:23:21]} Nd7 {[%clk 0:20:38]} 25. Nf2
{[%clk 0:20:29]} Nc5 {[%clk 0:11:53]} 26. b4 {[%clk 0:15:36]} Na4 {[%clk
0:12:10]} 27. Nd3 {[%clk 0:14:43]} Nxc3+ {[%clk 0:10:16]} 28. bxc3 {[%clk
0:15:11]} Be7 {[%clk 0:09:18]} 29. Kd2 {[%clk 0:13:47]} Bf6 {[%clk 0:04:10]} 30.
Kc2 {[%clk 0:14:06]} Kb7 {[%clk 0:04:31]} 31. Ra1 {[%clk 0:13:01]} Rc8 {[%clk
0:04:31]} 32. Kb3 {[%clk 0:12:46]} Rd8 {[%clk 0:02:59]} 33. Kc2 {[%clk 0:13:08]}
Rc8 {[%clk 0:02:45]} 34. Kb3 {[%clk 0:07:53]} Rd8 {[%clk 0:02:52]} 1/2-1/2

[Event "European Women's Championship"]
[Site "Vysoke Tatry"]
[Date "2018.04.10"]
[Round "3"]
[White "Shuvalova, Polina"]
[Black "Dzagnidze, Nana"]
[Result "0-1"]
[Board "2"]
[WhiteElo "2389"]
[WhiteTitle "WIM"]
[WhiteCountry "RUS"]
[WhiteFideId "24171760"]
[WhiteEloChange "-7"]
[BlackElo "2507"]
[BlackTitle "GM"]
[BlackCountry "GEO"]
[BlackFideId "13601903"]
[BlackEloChange "3"]

1. d4 {[%clk 1:30:56]} d5 {[%clk 1:30:43]} 2. c4 {[%clk 1:31:03]} e6 {[%clk
1:31:02]} 3. Nf3 {[%clk 1:31:19]} a6 {[%clk 1:27:46]} 4. e3 {[%clk 1:28:19]} Nf6
{[%clk 1:27:31]} 5. b3 {[%clk 1:27:42]} b6 {[%clk 1:26:13]} 6. Bd3 {[%clk
1:27:03]} Bb7 {[%clk 1:26:29]} 7. cxd5 {[%clk 1:26:34]} exd5 {[%clk 1:26:24]} 8.
O-O {[%clk 1:23:09]} Nbd7 {[%clk 1:25:54]} 9. Bb2 {[%clk 1:22:34]} Bd6 {[%clk
1:26:08]} 10. Nbd2 {[%clk 1:16:36]} Qe7 {[%clk 1:24:13]} 11. a3 {[%clk 1:13:56]}
O-O {[%clk 1:23:53]} 12. b4 {[%clk 1:12:46]} Ne4 {[%clk 1:19:03]} 13. Nb3 {[%clk
1:04:51]} f5 {[%clk 1:10:59]} 14. Rc1 {[%clk 1:00:10]} f4 {[%clk 0:55:03]} 15.
Qc2 {[%clk 0:46:21]} fxe3 {[%clk 0:46:50]} 16. fxe3 {[%clk 0:46:44]} Ng5 {[%clk
0:44:33]} 17. Nxg5 {[%clk 0:40:37]} Qxe3+ {[%clk 0:44:11]} 18. Kh1 {[%clk
0:40:13]} Qxg5 {[%clk 0:44:34]} 19. Bxh7+ {[%clk 0:39:18]} Kh8 {[%clk 0:45:03]}
20. Bf5 {[%clk 0:38:50]} Qh6 {[%clk 0:33:39]} 21. g4 {[%clk 0:37:30]} Nf6 {[%clk
0:33:12]} 22. g5 {[%clk 0:31:24]} Qxg5 {[%clk 0:33:37]} 23. Rf3 {[%clk 0:31:34]}
Bc8 {[%clk 0:32:18]} 24. Bxc8 {[%clk 0:13:52]} Raxc8 {[%clk 0:32:40]} 25. Rg1
{[%clk 0:13:34]} Qh5 {[%clk 0:32:01]} 26. Rf5 {[%clk 0:08:55]} Qh7 {[%clk
0:19:46]} 27. Rgf1 {[%clk 0:07:50]} Ne4 {[%clk 0:17:45]} 28. Rxf8+ {[%clk
0:07:09]} Rxf8 {[%clk 0:18:09]} 29. Rxf8+ {[%clk 0:06:34]} Bxf8 {[%clk 0:18:37]}
30. Kg1 {[%clk 0:04:41]} Bd6 {[%clk 0:18:51]} 31. Qe2 {[%clk 0:03:30]} Qh3 {[%clk
0:14:47]} 32. Bc1 {[%clk 0:02:24]} Kg8 {[%clk 0:11:36]} 33. Nd2 {[%clk 0:02:08]}
Qc3 {[%clk 0:11:55]} 0-1

[Event "European Women's Championship"]
[Site "Vysoke Tatry"]
[Date "2018.04.10"]
[Round "3"]
[White "Cornette, Deimante"]
[Black "Hoolt, Sarah"]
[Result "1-0"]
[Board "3"]
[WhiteElo "2467"]
[WhiteTitle "IM"]
[WhiteCountry "LTU"]
[WhiteFideId "12802859"]
[WhiteEloChange "4"]
[BlackElo "2393"]
[BlackTitle "WGM"]
[BlackCountry "GER"]
[BlackFideId "24606812"]
[BlackEloChange "-8"]

1. e4 {[%clk 1:30:57]} e5 {[%clk 1:30:56]} 2. Nf3 {[%clk 1:31:15]} Nf6 {[%clk
1:31:21]} 3. Nxe5 {[%clk 1:26:13]} d6 {[%clk 1:31:40]} 4. Nf3 {[%clk 1:26:27]}
Nxe4 {[%clk 1:32:03]} 5. d3 {[%clk 1:26:47]} Nf6 {[%clk 1:32:01]} 6. d4 {[%clk
1:26:58]} d5 {[%clk 1:31:57]} 7. Bd3 {[%clk 1:27:08]} Bd6 {[%clk 1:30:43]} 8.
Qe2+ {[%clk 1:27:03]} Qe7 {[%clk 1:30:40]} 9. Qxe7+ {[%clk 1:27:18]} Kxe7 {[%clk
1:27:24]} 10. O-O {[%clk 1:27:32]} Re8 {[%clk 1:21:13]} 11. Re1+ {[%clk 1:27:42]}
Kf8 {[%clk 1:21:22]} 12. Rxe8+ {[%clk 1:28:02]} Kxe8 {[%clk 1:21:27]} 13. Nc3
{[%clk 1:25:44]} c6 {[%clk 1:12:41]} 14. Bg5 {[%clk 1:25:50]} Nbd7 {[%clk
1:12:38]} 15. Re1+ {[%clk 1:25:36]} Kf8 {[%clk 1:12:48]} 16. Ne5 {[%clk 1:24:21]}
h6 {[%clk 1:04:55]} 17. Bf4 {[%clk 1:22:51]} Bb4 {[%clk 0:59:40]} 18. a3 {[%clk
1:05:42]} Nxe5 {[%clk 0:54:53]} 19. dxe5 {[%clk 0:57:47]} Bxc3 {[%clk 0:51:46]}
20. bxc3 {[%clk 0:58:10]} Ne4 {[%clk 0:50:27]} 21. c4 {[%clk 0:51:01]} Nc5 {[%clk
0:49:02]} 22. Be2 {[%clk 0:41:00]} d4 {[%clk 0:46:56]} 23. g4 {[%clk 0:40:01]}
Be6 {[%clk 0:31:47]} 24. Rd1 {[%clk 0:34:57]} g5 {[%clk 0:23:21]} 25. Bc1 {[%clk
0:33:48]} Nd7 {[%clk 0:20:02]} 26. f4 {[%clk 0:29:36]} gxf4 {[%clk 0:17:21]} 27.
Rxd4 {[%clk 0:24:35]} Kg7 {[%clk 0:16:56]} 28. Bxf4 {[%clk 0:24:12]} c5 {[%clk
0:17:03]} 29. Rd6 {[%clk 0:18:22]} Nb6 {[%clk 0:17:26]} 30. h3 {[%clk 0:16:08]}
Re8 {[%clk 0:14:55]} 31. Kf2 {[%clk 0:15:36]} Nc8 {[%clk 0:13:53]} 32. Rd1 {[%clk
0:15:19]} Nb6 {[%clk 0:14:02]} 33. Rb1 {[%clk 0:10:28]} Re7 {[%clk 0:13:45]} 34.
g5 {[%clk 0:09:39]} h5 {[%clk 0:10:53]} 35. Rb5 {[%clk 0:06:23]} Bxh3 {[%clk
0:06:21]} 36. Bxh5 {[%clk 0:04:43]} Nxc4 {[%clk 0:05:13]} 37. Rxc5 {[%clk
0:04:54]} Be6 {[%clk 0:05:35]} 38. Be2 {[%clk 0:03:28]} Nxa3 {[%clk 0:04:32]} 39.
Bc1 {[%clk 0:01:15]} b6 {[%clk 0:03:57]} 40. Rc6 {[%clk 0:30:54]} Nb1 {[%clk
0:34:09]} 41. Bd3 {[%clk 0:28:02]} Bd5 {[%clk 0:26:38]} 42. Rd6 {[%clk 0:25:46]}
Nc3 {[%clk 0:25:21]} 43. Ke3 {[%clk 0:23:34]} Be6 {[%clk 0:23:07]} 44. Ba3 {[%clk
0:19:33]} Re8 {[%clk 0:22:30]} 45. Kd4 {[%clk 0:15:48]} Nd1 {[%clk 0:21:48]} 46.
Bb5 {[%clk 0:09:11]} Rh8 {[%clk 0:21:26]} 47. Bc1 {[%clk 0:03:58]} Rh4+ {[%clk
0:18:57]} 48. Kd3 {[%clk 0:04:23]} Rh3+ {[%clk 0:07:12]} 49. Kd2 {[%clk 0:03:45]}
Nf2 {[%clk 0:04:18]} 50. Bd3 {[%clk 0:02:16]} Rg3 {[%clk 0:02:38]} 51. Ke2 {[%clk
0:01:38]} Nh3 {[%clk 0:01:10]} 52. g6 {[%clk 0:01:04]} Rg4 {[%clk 0:00:39]} 53.
gxf7 {[%clk 0:01:11]} Kxf7 {[%clk 0:01:05]} 54. Rc6 {[%clk 0:01:08]} Bd5 {[%clk
0:00:55]} 55. Rf6+ {[%clk 0:01:07]} Kg8 {[%clk 0:00:51]} 56. Bh6 {[%clk 0:00:52]}
Kh8 {[%clk 0:00:50]} 57. e6 {[%clk 0:01:02]} Bxe6 {[%clk 0:00:37]} 58. Rxe6
{[%clk 0:01:25]} Nf4+ {[%clk 0:01:03]} 59. Bxf4 {[%clk 0:01:00]} Rxf4 {[%clk
0:01:31]} 60. Re8+ {[%clk 0:00:57]} Kg7 {[%clk 0:01:56]} 61. Re7+ {[%clk
0:01:20]} Rf7 {[%clk 0:02:21]} 62. Re6 {[%clk 0:00:57]} Rc7 {[%clk 0:02:34]} 63.
Kd2 {[%clk 0:01:12]} Kf7 {[%clk 0:02:37]} 64. Rh6 {[%clk 0:01:38]} Ke8 {[%clk
0:02:37]} 65. Bb5+ {[%clk 0:01:40]} Kd8 {[%clk 0:02:52]} 66. Rh8+ {[%clk
0:01:33]} Ke7 {[%clk 0:03:20]} 67. Rh7+ {[%clk 0:01:53]} Kd6 {[%clk 0:03:43]} 68.
Rxc7 {[%clk 0:01:51]} Kxc7 {[%clk 0:04:12]} 69. Kc3 {[%clk 0:02:05]} Kb7 {[%clk
0:04:02]} 70. Kd4 {[%clk 0:02:18]} a6 {[%clk 0:00:51]} 71. Bd3 {[%clk 0:02:31]}
b5 {[%clk 0:01:01]} 72. Kc5 {[%clk 0:02:53]} Ka7 {[%clk 0:01:16]} 73. Be4 {[%clk
0:03:09]} 1-0

[Event "European Women's Championship"]
[Site "Vysoke Tatry"]
[Date "2018.04.10"]
[Round "3"]
[White "Kashlinskaya, Alina"]
[Black "Ovod, Evgenija"]
[Result "1/2-1/2"]
[Board "4"]
[WhiteElo "2450"]
[WhiteTitle "IM"]
[WhiteCountry "RUS"]
[WhiteFideId "4198026"]
[WhiteEloChange "-1"]
[BlackElo "2366"]
[BlackTitle "IM"]
[BlackCountry "RUS"]
[BlackFideId "4131827"]
[BlackEloChange "2"]

1. d4 {[%clk 1:30:56]} Nf6 {[%clk 1:30:53]} 2. c4 {[%clk 1:31:19]} e6 {[%clk
1:31:18]} 3. Nf3 {[%clk 1:31:42]} d5 {[%clk 1:31:39]} 4. Nc3 {[%clk 1:32:05]} c5
{[%clk 1:32:01]} 5. cxd5 {[%clk 1:32:25]} Nxd5 {[%clk 1:32:25]} 6. e4 {[%clk
1:32:48]} Nxc3 {[%clk 1:32:50]} 7. bxc3 {[%clk 1:33:12]} cxd4 {[%clk 1:33:16]} 8.
cxd4 {[%clk 1:33:36]} Bb4+ {[%clk 1:33:42]} 9. Bd2 {[%clk 1:33:59]} Bxd2+ {[%clk
1:34:07]} 10. Qxd2 {[%clk 1:34:21]} O-O {[%clk 1:34:33]} 11. Bc4 {[%clk 1:34:30]}
b6 {[%clk 1:34:51]} 12. O-O {[%clk 1:32:48]} Bb7 {[%clk 1:35:15]} 13. Rfe1 {[%clk
1:32:51]} Nd7 {[%clk 1:35:38]} 14. Rad1 {[%clk 1:33:10]} Nf6 {[%clk 1:35:46]} 15.
d5 {[%clk 1:24:58]} exd5 {[%clk 1:36:05]} 16. exd5 {[%clk 1:25:01]} Qd6 {[%clk
1:25:25]} 17. Qg5 {[%clk 1:13:48]} Rfd8 {[%clk 1:10:43]} 18. Nd4 {[%clk 1:04:42]}
h6 {[%clk 1:10:48]} 19. Qh4 {[%clk 1:02:24]} Nxd5 {[%clk 0:48:31]} 20. Nf5 {[%clk
1:01:51]} Qf4 {[%clk 0:48:48]} 21. Qxf4 {[%clk 0:53:54]} Nxf4 {[%clk 0:49:13]}
22. f3 {[%clk 0:40:05]} Ne6 {[%clk 0:36:57]} 23. Nd6 {[%clk 0:39:14]} Bc6 {[%clk
0:36:50]} 24. Nxf7 {[%clk 0:36:35]} Kxf7 {[%clk 0:34:31]} 25. Bxe6+ {[%clk
0:35:08]} Kf6 {[%clk 0:33:39]} 26. Bb3 {[%clk 0:32:31]} Rxd1 {[%clk 0:33:47]} 27.
Rxd1 {[%clk 0:29:32]} Ke7 {[%clk 0:34:12]} 28. Re1+ {[%clk 0:27:26]} Kd7 {[%clk
0:34:31]} 29. Rd1+ {[%clk 0:19:43]} Ke7 {[%clk 0:24:43]} 30. Re1+ {[%clk
0:20:04]} 1/2-1/2

[Event "European Women's Championship"]
[Site "Vysoke Tatry"]
[Date "2018.04.10"]
[Round "3"]
[White "Zimina, Olga"]
[Black "Buksa, Nataliya"]
[Result "1/2-1/2"]
[Board "5"]
[WhiteElo "2414"]
[WhiteTitle "IM"]
[WhiteCountry "ITA"]
[WhiteFideId "4132190"]
[WhiteEloChange "-1"]
[BlackElo "2357"]
[BlackTitle "WGM"]
[BlackCountry "UKR"]
[BlackFideId "14123622"]
[BlackEloChange "2"]

1. Nf3 {[%clk 1:30:55]} Nf6 {[%clk 1:30:38]} 2. c4 {[%clk 1:31:18]} e6 {[%clk
1:31:03]} 3. g3 {[%clk 1:31:43]} d5 {[%clk 1:31:28]} 4. Bg2 {[%clk 1:32:09]} Be7
{[%clk 1:31:51]} 5. O-O {[%clk 1:32:32]} O-O {[%clk 1:32:18]} 6. d4 {[%clk
1:32:58]} dxc4 {[%clk 1:32:12]} 7. Qc2 {[%clk 1:33:22]} b6 {[%clk 1:32:00]} 8.
Qxc4 {[%clk 1:19:31]} Bb7 {[%clk 1:31:48]} 9. Nc3 {[%clk 1:19:51]} c5 {[%clk
1:31:41]} 10. Rd1 {[%clk 1:20:04]} Nbd7 {[%clk 1:32:06]} 11. dxc5 {[%clk
1:07:52]} Bxc5 {[%clk 1:31:31]} 12. b4 {[%clk 1:08:02]} Be7 {[%clk 1:28:53]} 13.
Bb2 {[%clk 1:05:38]} Qb8 {[%clk 1:29:14]} 14. a3 {[%clk 1:04:32]} Rc8 {[%clk
1:23:30]} 15. Qf4 {[%clk 0:45:52]} a6 {[%clk 1:10:39]} 16. Ne5 {[%clk 0:35:52]}
Nxe5 {[%clk 0:42:11]} 17. Bxb7 {[%clk 0:35:58]} Qxb7 {[%clk 0:42:32]} 18. Qxe5
{[%clk 0:36:21]} Bf8 {[%clk 0:42:57]} 19. Rd4 {[%clk 0:33:06]} b5 {[%clk
0:29:00]} 20. Rad1 {[%clk 0:32:28]} Qc7 {[%clk 0:29:29]} 21. Qg5 {[%clk 0:28:16]}
h6 {[%clk 0:27:48]} 22. Qd2 {[%clk 0:26:56]} Be7 {[%clk 0:28:02]} 23. Rc1 {[%clk
0:16:53]} Qb6 {[%clk 0:27:20]} 24. Ne4 {[%clk 0:15:38]} Nxe4 {[%clk 0:19:00]} 25.
Rxe4 {[%clk 0:16:05]} Bg5 {[%clk 0:19:11]} 26. e3 {[%clk 0:14:08]} Rxc1+ {[%clk
0:18:45]} 27. Qxc1 {[%clk 0:14:30]} Rd8 {[%clk 0:16:37]} 28. h4 {[%clk 0:14:16]}
Bf6 {[%clk 0:12:51]} 29. Bxf6 {[%clk 0:08:22]} gxf6 {[%clk 0:13:19]} 30. Rg4+
{[%clk 0:04:18]} Kf8 {[%clk 0:13:44]} 31. e4 {[%clk 0:04:02]} Ke7 {[%clk
0:12:34]} 32. Qxh6 {[%clk 0:03:45]} Rd1+ {[%clk 0:13:01]} 33. Kg2 {[%clk
0:04:09]} Qd4 {[%clk 0:13:15]} 34. Qf4 {[%clk 0:02:12]} Qc4 {[%clk 0:12:22]} 35.
Kh2 {[%clk 0:01:51]} e5 {[%clk 0:07:34]} 36. Qe3 {[%clk 0:02:20]} Qf1 {[%clk
0:07:37]} 37. Qa7+ {[%clk 0:02:21]} Ke6 {[%clk 0:07:59]} 38. Qxa6+ {[%clk
0:02:41]} Ke7 {[%clk 0:08:27]} 39. Qa7+ {[%clk 0:02:56]} Ke6 {[%clk 0:08:54]} 40.
Qa6+ {[%clk 0:32:53]} Ke7 {[%clk 0:39:21]} 41. Qa7+ {[%clk 0:33:03]} 1/2-1/2

[Event "European Women's Championship"]
[Site "Vysoke Tatry"]
[Date "2018.04.10"]
[Round "3"]
[White "Ziaziulkina, Nastassia"]
[Black "Nechaeva, Marina"]
[Result "1/2-1/2"]
[Board "6"]
[WhiteElo "2363"]
[WhiteTitle "IM"]
[WhiteCountry "BLR"]
[WhiteFideId "13505211"]
[WhiteEloChange "1"]
[BlackElo "2413"]
[BlackTitle "IM"]
[BlackCountry "RUS"]
[BlackFideId "4149351"]
[BlackEloChange "-1"]

1. e4 {[%clk 1:30:53]} c6 {[%clk 1:30:56]} 2. Nc3 {[%clk 1:30:29]} d5 {[%clk
1:31:21]} 3. Nf3 {[%clk 1:30:38]} Bg4 {[%clk 1:31:46]} 4. h3 {[%clk 1:30:57]}
Bxf3 {[%clk 1:32:11]} 5. Qxf3 {[%clk 1:31:20]} e6 {[%clk 1:32:38]} 6. Be2 {[%clk
1:30:29]} Bc5 {[%clk 1:32:57]} 7. O-O {[%clk 1:29:38]} Nd7 {[%clk 1:33:23]} 8.
exd5 {[%clk 1:16:47]} exd5 {[%clk 1:33:25]} 9. Rd1 {[%clk 1:16:08]} Bd4 {[%clk
1:14:47]} 10. Re1 {[%clk 1:06:15]} Ne7 {[%clk 1:14:08]} 11. Bd1 {[%clk 1:06:40]}
O-O {[%clk 1:12:19]} 12. Ne2 {[%clk 1:06:45]} Bb6 {[%clk 1:03:39]} 13. d4 {[%clk
1:02:23]} Nf6 {[%clk 1:01:32]} 14. c3 {[%clk 1:00:01]} Ne4 {[%clk 1:01:49]} 15.
Bc2 {[%clk 0:55:43]} f5 {[%clk 1:01:57]} 16. Qd3 {[%clk 0:50:53]} Ng6 {[%clk
0:56:35]} 17. f3 {[%clk 0:50:55]} Qh4 {[%clk 0:55:14]} 18. Be3 {[%clk 0:50:38]}
Ng3 {[%clk 0:37:26]} 19. Bf2 {[%clk 0:44:13]} Bc7 {[%clk 0:37:25]} 20. Qd2 {[%clk
0:41:56]} Rf6 {[%clk 0:29:33]} 21. Nxg3 {[%clk 0:35:48]} Bxg3 {[%clk 0:29:58]}
22. Bxg3 {[%clk 0:36:15]} Qxg3 {[%clk 0:30:24]} 23. Qf2 {[%clk 0:36:41]} Qxf2+
{[%clk 0:19:19]} 24. Kxf2 {[%clk 0:37:07]} Kf7 {[%clk 0:19:46]} 25. g4 {[%clk
0:21:37]} fxg4 {[%clk 0:19:40]} 26. Bxg6+ {[%clk 0:20:26]} Rxg6 {[%clk 0:19:19]}
27. fxg4 {[%clk 0:19:27]} 1/2-1/2